Statystyki dla Największe wyspy w Grecji

Kliknij tutaj aby rozwiązać quiz!

Ogólne statystyki

  • Ten quiz został rozwiązany 128 razy
  • Średni wynik to 4 z 10

Statystyki odpowiedzi

Powierzchnia wyspy w km2Odpowiedź% Poprawnych
8 tys.Kreta
96%
1,4 tys.Rodos
85%
590Korfu
57%
1,6 tys.Lesbos
54%
780Kefalonia
36%
4 tys.Eubea
29%
480Samos
25%
840Chios
23%
430Naksos
18%
480Limnos
13%

Rozkład punktacji

Percentyl według liczby udzielonych odpowiedzi

Procent ludzi z każdym wynikiem

Twoja historia wyników

Nie rozwiązałeś tego quizu